|
|
|
|
| LEADER |
01011nam a2200253 a 4500 |
| 001 |
2572445 |
| 008 |
090712s1995 nyua b 001 0 eng d |
| 010 |
|
|
|a \\\95208301
|
| 020 |
|
|
|a 0863161774
|
| 020 |
|
|
|a 8125024719
|
| 040 |
|
|
|a WaS
|c WaS
|d DLC
|
| 082 |
0 |
0 |
|a 194
|2 20
|
| 100 |
1 |
|
|a Palmer, Donald.
|
| 245 |
1 |
0 |
|a Sartre for beginners /
|c by Donald Palmer.
|
| 260 |
|
|
|a New York, NY :
|b Writers and Readers Pub. ;
|a New Delhi :
|b Orient Longman,
|c 1995.
|
| 300 |
|
|
|a iv, 156 p. :
|b ill. ;
|c 23 cm.
|
| 490 |
1 |
|
|a A Writers and Readers documentary comic book ;
|v 68
|
| 504 |
|
|
|a Includes bibliographical references (p. 143-144) and index.
|
| 541 |
1 |
|
|e 00013804
|
| 600 |
1 |
0 |
|a Sartre, Jean-Paul,
|d 1905-1980
|v Comic books, strips, etc.
|
| 650 |
|
0 |
|a Existentialism
|v Comic books, strips, etc.
|
| 852 |
4 |
|
|a Ayesha Abed Library
|j General shelf
|
| 999 |
|
|
|c 2306
|d 2306
|
| 952 |
|
|
|0 0
|1 0
|2 ddc
|4 0
|6 194_PAL
|7 0
|9 2129
|a BRACUL
|b BRACUL
|c GEN
|d 2009-07-12
|g 350.00
|l 9
|m 86
|o 194 PAL
|p 3010013804
|r 2026-03-29
|s 2026-02-23
|t 1
|v 700.00
|w 2009-07-12
|y BK
|